01857cam a22003855i 4500001001000000003000900010005001700019008004100036020003000077020002700107040003700134082001900171100004100190245008400231250002000315264007400335264001000409300007500419336002600494337002800520338002700548504005200575505009300627520035000720590001001070650003901080650003601119650005001155651001001205653003101215655001701246942002301263999001701286952016801303016874235EG-ScBUE20230103104252.0140911t2015 caua f b 001 0 eng d a9780321985200 (paperback) a0321985206 (paperback) aUkbengerdacUkdUkCUdEG-ScBUE04a741.6bAIR2221 aAirey, David,d1979-eauthor.93827010aLogo design love :ba guide to creating iconic brand identities /cDavid Airey. aSecond edition. 1a[San Francisco] :bNew Riders / Peachpit / Pearson education,c[2015] 4cc2015 axiii, 226 pages :billustrations (black and white, and color) ;c23 cm 2rdacontentatextbtxt 2rdamediaaunmediatedbn 2rdacarrieravolumebnc aIncludes bibliographical references and index. 0 aI. The importance of brand identity -- II. The process of design -- III. Moving forward. aIn Logo Design Love, Irish graphic designer David Airey brings the best parts of his wildly popular blog of the same name to the printed page. Just as in the blog, David fills each page of this simple, modern-looking book with gorgeous logos and real world anecdotes that illustrate best practices for designing brand identity systems that last. ashima 7aBranding (Marketing)2BUEsh910059 7aLogos (Symbols)xDesign.2BUEsh 7aIndustrial design coordination.2BUEsh937517 2BUEsh bCOMAMEbCOMSCIcAugust2015 vReading book 2ddck741.6 AIRcBB c20416d20388 00102ddc40708BaccahaMAINbMAINc2NDd2015-08-03epurchaseg320.00h21763l8m17o741.6 AIRp000038989q2025-01-08r2024-01-11 00:00:00s2024-01-11v400.00yBB